000
00334nam a2200145Ia 4500
003
LK-CoDNM
008
010623t xxu||||| |||| 00| 1 eng d
040
_a
LK-CoDNM
_d
LK-CoDNM
_e
LK-CoDNM
041
_a
eng
080
_a
840 LE
245
_a
Le Livre des Tovrnois DV Roi Rene
300
_b
70p., 34 cm
650
_a
Prose
942
_c
BK
999
_c
134871
_d
134871